| 000 | 01174nam a22002417a 4500 | ||
|---|---|---|---|
| 005 | 20080626112311.0 | ||
| 008 | 080626t xxu||||| |||| 00| 0 hin d | ||
| 010 | _aHIN-83650 | ||
| 020 |
_a9788190405423 _c125.00 |
||
| 035 | _aHN-55996 | ||
| 037 | _bDBAD / PUB | ||
| 040 |
_aDPL _bHN |
||
| 082 | _a425 / श्रीशर | ||
| 100 | _aश्री शरण | ||
| 245 |
_aबजरंग व्यावहारिक व्याकरण / _cश्री शरण |
||
| 246 |
_aBajrang Vyavaharik Vyakaran _bby Shri Sharan |
||
| 260 |
_aनई दिल्ली _bइंडिया बुक्स कम्पनी _c2006 |
||
| 270 |
_aडब्लू जैड-77/बी-9, द्वितीय तल, शू मार्किट. उत्तम नगर _bनई दिल्ली _e110059 |
||
| 300 |
_a118पृ _c22सेमी(सजिल्द) |
||
| 650 | _aHindi Grammar | ||
| 942 |
_cHN _2ddc _h425 _mश्रीशर |
||
| 999 |
_c14026 _d14026 |
||